zpět

Detail výsledku týmu

Bar U Souseda ÚT, Plzeň

Datum a čas kvízu

20 Celkem bodů Celkový počet nahraných bodů na tomto kvízu bez doplňovacích otázek.
5. Pořadí na kvízu Konečné umístění týmu na tomto kvízu.

Zaznamenané odpovědi

# Otázka Odpověď Body Výsledky
1. Kvíz začneme poměrně základní... Jaroslav Jiřík 0
2. Přiřaďte české hráče k týmům,... 1B 2A 3C 4D 0
3. Určitě se shodneme na tom, že... Columbus Blue Jackets 0
4. Tomáš Plekanec strávil skoro c... Toronto Maple Leafs 1
5. Velmi výraznou stopu zanechal... Robert Lang, Martin Straka 0.5
6. Pokud nebude v zadání řečeno j... 30 cm 1
7. Každému týmu je dovoleno mít p... dvacet 1
8. V mužském hokeji musí být hráč... chránič očí 0
9. Přesuneme se k pravidlu, které... bližší 1
10. Připouští pravidla teoretickou... ne 0